|
LDR
| 01855nam a2200553 a 4500 |
|---|
| 001 | 11120 |
|---|
| 003 | CZ-PrJAB |
|---|
| 005 | 20190318105911.0 |
|---|
| 007 | ta |
|---|
| 008 | 040121s2003 xr e 001 0 cze |
|---|
| 015 | | . |
‡acnb001294929 |
|---|
| 020 | | . |
‡a80-7254-439-X
‡q(váz.) |
|---|
| 035 | | . |
‡a(CZ PrNK)cpk20031294929 |
|---|
| 035 | | . |
‡a(OCoLC)56856033 |
|---|
| 040 | | . |
‡aABA001
‡bcze |
|---|
| 041 | 1 | . |
‡acze
‡heng |
|---|
| 072 | | 7. |
‡a364
‡xSociální problémy vyžadující podporu a pomoc. Sociální zabezpečení
‡2Konspekt
‡918 |
|---|
| 080 | | . |
‡a159.922.7
‡2MRF |
|---|
| 080 | | . |
‡a37.03-053.2
‡2MRF |
|---|
| 080 | | . |
‡a364.442.2
‡2MRF |
|---|
| 080 | | . |
‡a364.642
‡2MRF |
|---|
| 080 | | . |
‡a316.356.2
‡2MRF |
|---|
| 080 | | . |
‡a173.5/.7
‡2MRF |
|---|
| 080 | | . |
‡a(035)
‡2MRF |
|---|
| 100 | 1 | . |
‡aWarshak, Richard Ades,
‡d1949-
‡7xx0016279
‡4aut |
|---|
| 245 | 1 | 0. |
‡aRozvodové jedy /
‡cRichard A. Warshak ; [z anglického originálu ... přeložila Daniela Zounková] |
|---|
| 250 | | . |
‡aVyd. 1. |
|---|
| 260 | | . |
‡aPraha :
‡bTriton,
‡c2003 |
|---|
| 300 | | . |
‡a389 s. ;
‡c21 cm |
|---|
| 500 | | . |
‡aKontaktní adresy |
|---|
| 504 | | . |
‡aObsahuje rejstřík |
|---|
| 650 | 0 | 7. |
‡arodiče a děti
‡7ph116053
‡2czenas |
|---|
| 650 | 0 | 7. |
‡apsychologie dítěte
‡7ph117256
‡2czenas |
|---|
| 650 | 0 | 7. |
‡avýchova dítěte
‡7ph127420
‡2czenas |
|---|
| 650 | 0 | 7. |
‡apsychologické poradenství
‡7ph124805
‡2czenas |
|---|
| 650 | 0 | 7. |
‡arozvod
‡7ph125274
‡2czenas |
|---|
| 650 | 0 | 7. |
‡arodinné vztahy
‡7ph135535
‡2czenas |
|---|
| 650 | 0 | 9. |
‡adivorce
‡2eczenas |
|---|
| 650 | 0 | 9. |
‡afamily relations
‡2eczenas |
|---|
| 650 | 0 | 9. |
‡aparents and children
‡2eczenas |
|---|
| 650 | 0 | 9. |
‡achild psychology
‡2eczenas |
|---|
| 650 | 0 | 9. |
‡achild rearing
‡2eczenas |
|---|
| 650 | 0 | 9. |
‡apsychological counseling
‡2eczenas |
|---|
| 655 | | 7. |
‡apříručky
‡7fd133209
‡2czenas |
|---|
| 655 | | 9. |
‡ahandbooks and manuals
‡2eczenas |
|---|
| 700 | 1 | . |
‡aSobková Zounková, Daniela,
‡d1974-
‡7ola2005319163
‡4trl |
|---|
| 765 | 0 | . |
‡tDivorce poison
‡9Česky |
|---|
| 910 | | . |
‡aABG312 |
|---|
| 995 | | . |
‡aska |
|---|
| 901 | | . |
‡a11120
‡bUnknown
‡c11120
‡tbiblio |
|---|